Sports Quiz

Random Sports or NHL Quiz

1990 NHL Teams Quiz Stats

 Plays Quiz not verified by Sporcle

Also try: Baseball Last Time
Challenge
Share
Tweet
Embed
Score 0/21 Timer 06:00
0 Plays Today
Conference Team % Correct
Wales ConferenceNew York Rangers
98.5%
Wales ConferenceNew York Islanders
97.6%
Campbell ConferenceToronto Maple Leafs
97.6%
Wales ConferenceBoston Bruins
97.3%
Campbell ConferenceMinnesota North Stars
97.1%
Campbell ConferenceCalgary Flames
97.1%
Wales ConferenceMontreal Canadiens
96.8%
Wales ConferencePittsburgh Penguins
96.8%
Wales ConferencePhiladelphia Flyers
96.5%
Campbell ConferenceDetroit Red Wings
95.8%
Campbell ConferenceVancouver Canucks
95.8%
Conference Team % Correct
Campbell ConferenceChicago Blackhawks
95.6%
Campbell ConferenceEdmonton Oilers
95.3%
Campbell ConferenceLos Angeles Kings
95.1%
Wales ConferenceHartford Whalers
94.1%
Campbell ConferenceWinnipeg Jets
93.6%
Wales ConferenceNew Jersey Devils
93.2%
Wales ConferenceWashington Capitals
91.6%
Wales ConferenceQuebec Nordiques
91.2%
Wales ConferenceBuffalo Sabres
90.9%
Campbell ConferenceSt. Louis Blues
88.7%

You're not logged in!

Compare scores with friends on all Sporcle quizzes.
Join for Free
OR
Log In

You Might Also Like...

Show Comments

Extras

Created Feb 7, 2010ReportNominate
Tags:NHL Quiz, 1990, conference, division, team

Top Quizzes Today


Score Distribution

Your Account Isn't Verified!

In order to create a playlist on Sporcle, you need to verify the email address you used during registration. Go to your Sporcle Settings to finish the process.

Report this User

Report this user for behavior that violates our Community Guidelines.

Details: